[Event "ROM-ch U10"]
[Site "Calimanesti Caciulata"]
[Date "2019.04.18"]
[Round "5"]
[White "Iosif, Ianis Mihai"]
[Black "Marica, Tudor Denis"]
[Result "1-0"]
[WhiteElo "1027"]
[BlackElo "1145"]
[PlyCount "107"]
[EventDate "2019.04.15"]
[EventType "swiss"]
[EventRounds "9"]
[EventCountry "ROU"]
[SourceTitle "CBM 190 Extra"]
[Source "ChessBase"]
[SourceDate "2019.07.15"]
[SourceVersion "1"]
[SourceVersionDate "2019.07.15"]
[SourceQuality "1"]

1. d4 d5 2. c4 c6 3. Nf3 Nf6 4. Bg5 Bf5 5. e3 e6 6. Nc3 g6 7. h3 h6 8. Bxf6 Qxf6 9. Ne5 Bd6 10. f4 Qh4+ 11. Kd2 Bxe5 12. fxe5 Bg4 13. Qe1 Qxe1+ 14. Kxe1 Bf5 15. g4 Be4 16. Nxe4 dxe4 17. Bg2 Nd7 18. Bxe4 Rb8 19. Kf2 c5 20. b3 a6 21. a4 b5 22. Rab1 b4 23. Bc6 Rc8 24. Bb7 Rd8 25. Bxa6 Nb8 26. Bb5+ Ke7 27. dxc5 Rc8 28. c6 Nxc6 29. Bxc6 Rxc6 30. Rhd1 h5 31. g5 Rc5 32. Kf3 Rxe5 33. h4 f6 34. gxf6+ Kxf6 35. Rd4 Ke7 36. Rbd1 Rb8 37. Rd7+ Kf8 38. Rd8+ Rxd8 39. Rxd8+ Ke7 40. Rb8 Rf5+ 41. Ke2 g5 42. Rb5 e5 43. e4 Rf8 44. Rxe5+ Kd6 45. Rxg5 Rf4 46. Rxh5 Rxe4+ 47. Kd3 Rg4 48. Rd5+ Kc6 49. Rd4 Rg7 50. Kc2 Rg2+ 51. Rd2 Rg3 52. h5 Kc7 53. Kb2 Rh3 54. Rd5 1-0

[Event "ROM-ch U10"]
[Site "Calimanesti"]
[Date "2018.03.29"]
[Round "3"]
[White "Marica, Tudor Denis"]
[Black "Ilie, Sebastian Gabriel"]
[Result "0-1"]
[WhiteElo "1108"]
[BlackElo "1152"]
[PlyCount "32"]
[EventDate "2018.03.27"]
[EventType "swiss"]
[EventRounds "9"]
[EventCountry "ROU"]
[SourceTitle "CBM 183 Extra"]
[Source "ChessBase"]
[SourceDate "2018.04.19"]
[SourceVersion "1"]
[SourceVersionDate "2018.04.19"]
[SourceQuality "1"]

1. e4 c5 2. Nf3 Nc6 3. Bc4 e6 4. Nc3 d6 5. d3 Nf6 6. 0-0 Bd7 7. b3 Be7 8. Bb2 0-0 9. Nb5 a6 10. Nc3 b5 11. Nxb5 axb5 12. Bxb5 d5 13. exd5 exd5 14. Qd2 Qa5 15. Qg5 Qxb5 16. c4 dxc4 0-1

[Event "ROM-ch U10"]
[Site "Calimanesti"]
[Date "2018.03.29"]
[Round "4"]
[White "Marica, Tudor Denis"]
[Black "Sababei, Marius Ionut"]
[Result "0-1"]
[WhiteElo "1108"]
[BlackElo "1069"]
[PlyCount "35"]
[EventDate "2018.03.27"]
[EventType "swiss"]
[EventRounds "9"]
[EventCountry "ROU"]
[SourceTitle "CBM 183 Extra"]
[Source "ChessBase"]
[SourceDate "2018.04.19"]
[SourceVersion "1"]
[SourceVersionDate "2018.04.19"]
[SourceQuality "1"]

1. e4 e6 2. d4 d5 3. e5 c5 4. c3 Nc6 5. Bb5 Bd7 6. Nf3 a6 7. Bf1 Qb6 8. g3 Be7 9. Bg2 Nh6 10. b3 Nf5 11. dxc5 Bxc5 12. 0-0 d4 13. c4 h6 14. g4 Nfe7 15. Bb2 0-0-0 16. Nbd2 f5 17. Bh3 fxg4 18. Bxg4 0-1